000 00264nam a2200097Ia 4500
001 690526
005 20250826161817.0
008 250824s9999 xx 000 0 und d
245 0 _aSAATLERİ AYARLAMA ENSTİTÜSÜ
_cABDÜLBAKİ GÖLPINARLI
260 _bDERGAH YAYINLARI
999 _c690526
_d690526